Rheologica acta.
Guardado en:
| Formato: | Revista |
|---|---|
| Idioma: | English French German |
| Publicado: |
Berlin :
Springer-Verlag GmbH ,
1958- .
|
| Materias: | |
| Etiquetas: |
Agregar Etiqueta
Sin Etiquetas, Sea el primero en etiquetar este registro!
|
| LEADER | 00538nas a2200193 4500 | ||
|---|---|---|---|
| 001 | CARPC.004063 | ||
| 005 | 20080606161601.0 | ||
| 008 | 050520c19589999gw#u|#p#######0###a0eng|| | ||
| 022 | |a 0035-4511 | ||
| 210 | 0 | |a Rheol. acta | |
| 041 | 0 | |a eng |a fre |a ger | |
| 245 | 0 | 0 | |a Rheologica acta. |
| 260 | |a Berlin : |b Springer-Verlag GmbH , |c 1958- . | ||
| 310 | |a Desconocida. | ||
| 362 | 0 | |a Vol. 1(1958)- . | |
| 510 | 0 | |a Chemical abstracts | |
| 653 | |a Reologia | ||
| 653 | |a Polimeros | ||
| 866 | |9 EIQ |a 1973-1981 12-20; 1988 27(6); 1993-1994 32-33; 1996-2001 35-40 | ||
